Statystyki dla Rozpoznaj kraj po kształcie!

Kliknij tutaj aby rozwiązać quiz!

Ogólne statystyki

  • Ten quiz został rozwiązany 61 razy
  • Średni wynik to 13 z 13

Statystyki odpowiedzi

Odpowiedź% Poprawnych
Australia
100%
Czechy
100%
Niemcy
100%
Polska
100%
Rosja
100%
Włochy
100%
Chiny
98%
Turcja
98%
Chile
96%
Hiszpania
96%
Szwajcaria
96%
Ukraina
96%
Arabia saudyjska
87%

Rozkład punktacji

Percentyl według liczby udzielonych odpowiedzi

Procent ludzi z każdym wynikiem

Twoja historia wyników

Nie rozwiązałeś tego quizu